Quels pays sont des monarchies ? - Statistiques

Statistiques générales
  • Ce quiz a été pris 87 fois
  • Le résultat moyen est 25 sur 43
Statistiques - réponses
Superficie Europe % Correct
505 990 km² Espagne
93%
243 610 km² Royaume-Uni
93%
385 207 km² Norvège
91%
450 295 km² Suède
91%
2 km² Monaco
90%
42 933 km² Danemark
85%
30 528 km² Belgique
84%
468 km² Andorre
81%
0,44 km² Vatican
81%
2 586 km² Luxembourg
75%
160 km² Liechtenstein
74%
41 865 km² Pays-Bas
74%
2 149 690 km² Arabie saoudite
69%
513 120 km² Thaïlande
69%
446 550 km² Maroc
65%
83 600 km² Émirats arabes unis
62%
377 975 km² Japon
62%
11 586 km² Qatar
62%
7 692 024 km² Australie
60%
268 021 km² Nouvelle-Zélande
57%
309 500 km² Oman
57%
765 km² Bahreïn
56%
5 765 km² Brunei
56%
9 984 670 km² Canada
54%
89 342 km² Jordanie
50%
747 km² Tonga
46%
26 km² Tuvalu
46%
617 km² Sainte-Lucie
43%
261 km² Saint-Christophe-et-Niévès
41%
38 394 km² Bhoutan
40%
181 035 km² Cambodge
40%
10 991 km² Jamaïque
40%
389 km² Saint-Vincent-et-les-Grenadines
40%
17 364 km² Eswatini
38%
344 km² Grenade
38%
17 818 km² Koweït
38%
330 803 km² Malaisie
38%
442 km² Antigua-et-Barbuda
35%
28 896 km² Îles Salomon
34%
30 355 km² Lesotho
34%
462 840 km² Papouasie-Nouvelle-Guinée
34%
13 943 km² Bahamas
32%
22 966 km² Belize
32%
Aucun quiz correspondant
Distribution des résultats
% des personnes avec chaque résultat
Percentile par nombre de réponses
Votre historique - résultats
Vous n’avez pas pris ce quiz